| 000 | 00544nam a2200169 a 4500 | ||
|---|---|---|---|
| 001 | 5826 | ||
| 003 | CDMR | ||
| 005 | 20131213154250.0 | ||
| 008 | 130220s1973||||||||||||||||||||||||||||d | ||
| 040 |
_aCDMR _bcat _cCDMR |
||
| 100 | 1 |
_aMorales, María Luz _92857 |
|
| 245 | 1 | 0 |
_aAlguien a quien conocí _b: María Curie, Keyserling, Gabriela Mistral, Valéry, Víctor Catalá, García Lorca, Malraux _cMaría Luz Morales |
| 260 |
_aBarcelona _bEditorial Juventud _c1973 |
||
| 300 |
_a239 p. ; _c23 cm |
||
| 490 | 0 | _aGrandes Biografías | |
| 942 |
_cMON _2udc |
||
| 999 |
_c5826 _d5826 |
||